000 00802cam a22002651i 4500
999 _c9585
_d9585
001 3632681
003 OSt
005 20191223114855.0
008 820311s1974 ii b 001 0 eng
010 _a 74902750
020 _cRs25.00
040 _aDLC
_cDLC
_dDLC
043 _aa-ii---
050 0 0 _aHC435.2
_b.M525
082 0 0 _a338.954
_219
100 1 _aMinhas, Bagicha Singh
_9677
245 1 0 _aPlanning and the poor /
_cB.S. Minhas.
260 _aNew Delhi :
_bS. Chand,
_c1974.
300 _axvii, 141 p. ;
_c23 cm.
504 _aIncludes bibliographical references and index.
650 0 _aPoor
_zIndia.
651 0 _aIndia
_xEconomic policy
_y1966-1974.
906 _a7
_bcbc
_corignew
_du
_encip
_f19
_gy-gencatlg
942 _2ddc
_cBK
_h338.954
_iMIN/P
_k338.954
_mMIN/P